The aporetic tradition in ancient philosophy (Record no. 34507)

MARC details
000 -LEADER
fixed length control field 00718nam a2200193 a 4500
008 - FIXED-LENGTH DATA ELEMENTS--GENERAL INFORMATION
fixed length control field 200624s2018 ||||||||||||||||| || u
020 ## - INTERNATIONAL STANDARD BOOK NUMBER
International Standard Book Number 9781107110151
050 ## - LIBRARY OF CONGRESS CALL NUMBER
Classification number B 187.A66 Apo
100 ## - MAIN ENTRY--PERSONAL NAME
Personal name Karamanolis, George
245 14 - TITLE STATEMENT
Title The aporetic tradition in ancient philosophy
Statement of responsibility, etc. Edited by George Kawamanolis ; Vasilis Politis
260 ## - PUBLICATION, DISTRIBUTION, ETC.
Place of publication, distribution, etc. Cambridge
Name of publisher, distributor, etc. Cambridge University Press
Date of publication, distribution, etc. 2018
300 ## - PHYSICAL DESCRIPTION
Extent vii,319 pages
350 ## - PRICE (NR) (BK AM CF MU VM SE) [OBSOLETE]
Price 94.98
650 ## - SUBJECT ADDED ENTRY--TOPICAL TERM
Topical term or geographic name entry element METHODOLOGY
650 ## - SUBJECT ADDED ENTRY--TOPICAL TERM
Topical term or geographic name entry element APORIA
650 ## - SUBJECT ADDED ENTRY--TOPICAL TERM
Topical term or geographic name entry element PHILOSOPHY, ANCIENT
700 ## - ADDED ENTRY--PERSONAL NAME
Personal name Politis, Vasilis
995 ## - RECOMMENDATION 995 [LOCAL, UNIMARC FRANCE]
-- CBU-MAIN LIBRARY (Kitwe)
-- 94.98
-- 1
-- AVAILABLE
-- Jun 25, 2020
-- Main Library Open Access Collection
Holdings
Withdrawn status Lost status Source of classification or shelving scheme Damaged status Not for loan Home library Current library Shelving location Date acquired Total Checkouts Full call number Barcode Date last seen Price effective from Koha item type
          CBU-MAIN LIBRARY, KITWE. CBU-MAIN LIBRARY, KITWE.   11/30/2022   B 187.A66 Apo 750346 11/30/2022 11/30/2022 MONOGRAPH